Alliterative Countries and Continents Map Quiz Stats

 Plays Quiz Updated Apr 23, 2015

Challenge
Share
Tweet
Score 0/8 Timer 02:00
3 Plays Today
% Correct
Estonia
92.5%
Algeria
92.2%
Afghanistan
87.2%
Suriname
86.6%
Nicaragua
85.4%
Angola
85.2%
Azerbaijan
78.7%
Armenia
74.7%

You're not logged in!

Compare scores with friends on all Sporcle quizzes.
Join for Free
OR
Log In

You Might Also Like...

Show Comments

Extras

Top Quizzes Today


Score Distribution

Your Account Isn't Verified!

In order to create a playlist on Sporcle, you need to verify the email address you used during registration. Go to your Sporcle Settings to finish the process.

Report this User

Report this user for behavior that violates our Community Guidelines.

Details: